02115nam a2200277 i 4500003000900000005001700009007000300026008004100029040003000070082001300100100002000113245006300133264004300196300004100239336002700280337003400307338002800341490005200369500031400421500003000735500006300765500011800828520084000946521001901786700003201805DO-SdBNP20240205140148.0ta110413s2020 dr a 000 j spa d aDO-SdBNPbspacBNPHUerda bD159222 aDamirón, Anya10aDía de lluvia /canya Damirón ; ilustrador Nicole Melo 1aSanto Domingo :bUSAID,bUNIBE,c2020. a8 páginas c22 cm.bIlustraciones  2rdacontentatextobtxt 2rdamediaasin mediación bn 2rdacarrieravolumenbnc1 aLibros decodificablesaProyecto leervEtapa D-4 aLos libros decodificables están compuestos de textos redactados con dificultad progresiva. Cada etapa decodificable enfatiza ciertas combinaciones de letras y sonidos tomando en cuenta el orden de frecuencia en la que aparecen en el idioma español, y el nivel de dificultad de la relación letra-sonidos. aPara docentes y tutores.  aCombinación de grafemas: g (ga), g (gue), ü gl, r, rr. aGrafemas anteriores: a, m, e, n, o, s, i, l, u y, f, p, t, b, d, c (ca), q, v, ll, y (ya), h, ch, cl, bl, fl, pl. aUn día de lluvia olvidé mi paraguas y pensé: “¿Y ahora? ¿Qué haré?”. Busqué alrededor y encontré una solución: un periódico viejo usé para taparme bien. Pero llovía tan fuerte que, en menos de un minuto, el periódico quedó mojado por completo. “¿Y ahora? ¿Qué haré? Con esta agua me enfermaré”. Busqué alrededor y encontré otra solución: un ramo de flores usé y estaba mucho mejor. Pero el viento sopló y sopló y las flores volaron por todas partes, cuando apenas había pasado tres calles. ¿Y ahora? ¿Qué haré?”. Busqué alrededor y encontré una mejor solución: una funda plástica usé y mi cabello por fin tapé. Llegué a casa un poco mojado y con los zapatos marrón por todo el camino enlodado. Creo que nunca más volveré a dejar mi paraguas olvidado aNivel primario aMelo, Nicoleeilustraciones